000 00529nam a22001817a 4500
999 _c11679
_d11679
008 201024b 1996 ||||| |||| 00| 0 eng d
020 _a1870077296
082 _a623.8881
_bROB
100 _aRoberts, Peter
245 _aWatchkeeping safety and cargo management in port : a practical guide
260 _aUK
_bThe Nautical Institute
_c1995
300 _a216p.
504 _a"Includes Appendix".
650 _aWatchkeeping duties in port
650 _aCommercial documentation
650 _aCargo quantity
942 _cBK